300 tình huống giao tiếp sư phạm
Sách trình bày một số tình huống xoay quanh những vấn để cơ bản nhất trong quá trình giao tiếp sư phạm, góp phần gợi mở cho các sinh viên, giáo viên, cán bộ công nhân viên...
Na minha lista:
| Autor principal: | |
|---|---|
| Outros Autores: | |
| Formato: | Livro |
| Idioma: | Vietnamese |
| Publicado em: |
H.
Giáo dục Việt Nam
2014
|
| Edição: | Tái bản lần thứ 5 |
| Assuntos: | |
| Tags: |
Adicionar Tag
Sem tags, seja o primeiro a adicionar uma tag!
|
| Thư viện lưu trữ: | Thư viện Trường Đại học Nam Cần Thơ |
|---|
| LEADER | 01219nam a22002297a 4500 | ||
|---|---|---|---|
| 001 | NCT_55068 | ||
| 008 | 181107b xxu||||| |||| 00| 0 vie d | ||
| 999 | |c 2650 |d 2650 | ||
| 020 | |a 9786040057532 |c 54000 | ||
| 082 | 0 | 4 | |2 23rd ed. |a 302.222 |b A107 |
| 100 | 1 | |a Hoàng Anh | |
| 245 | 1 | 0 | |a 300 tình huống giao tiếp sư phạm |c Hoàng Anh, Đỗ Thị Châu |
| 250 | |a Tái bản lần thứ 5 | ||
| 260 | |a H. |b Giáo dục Việt Nam |c 2014 | ||
| 300 | |a 371 tr. |c 21cm | ||
| 520 | 3 | |a Sách trình bày một số tình huống xoay quanh những vấn để cơ bản nhất trong quá trình giao tiếp sư phạm, góp phần gợi mở cho các sinh viên, giáo viên, cán bộ công nhân viên... | |
| 653 | |a Sách tham khảo | ||
| 700 | 1 | |a Đỗ Thị Châu | |
| 942 | |2 ddc |c BK | ||
| 952 | |0 0 |1 0 |2 ddc |4 0 |6 302_222000000000000_A107 |7 0 |9 14837 |a 000001 |b 000001 |d 2018-11-07 |o 302.222 A107 |p TK.00409 |r 2018-11-07 |v 54000.00 |w 2018-11-07 |y BK | ||
| 952 | |0 0 |1 0 |2 ddc |4 0 |6 302_222000000000000_A107 |7 0 |9 14838 |a 000001 |b 000001 |d 2018-11-07 |o 302.222 A107 |p TK.00410 |r 2018-11-07 |v 54000.00 |w 2018-11-07 |y BK | ||
| 980 | |a Thư viện Trường Đại học Nam Cần Thơ | ||


